000
00259nam a2200109Ia 4500
008
190216s9999||||xx |||||||||||||| ||und||
100
_a
Kapoor N D
245
0
_a
Elements Of Mercantile Law
260
_b
Sulthan Chand&Sons
_c
1978
300
_a
2345p
942
_c
BK
999
_c
5057
_d
5057